000 00687naa a2200193 4500
001 213920
035 _a(OCoLC)1365263619
999 _c213920
_d213920
003 ES-MaBCM
005 20230225094434.0
008 200421t2020 sp ||||| |||| 00| 0 spa d
040 _cES-MaBCM
100 1 _9121895
_aMartín Valero, Ana Isabel
245 1 3 _aLa ejecución de las sentencias
_b: aspectos resueltos recientemente por el Tribunal Supremo
_cAna Isabel Martín Valero
610 1 7 _aEspaña .
_bTribunal Supremo
_2
_951679
650 7 _aEjecución de sentencia
_2
_958487
650 7 _aIndemnización
_2
_958952
773 0 _dMadrid
_gn. 4 (abril 2020) - Loc. En línea
_tActualidad administrativa
_w104209
942 _2udc
_cAREV